1751 1823 1620 1399 1654 1929 1651 1159 1613 1803 1470 1171 1979 1428 1580 1973 1260 1910 1555 1180 1300 1630 1367 1315 1342 1034 1602 1024 1575 1253 1950 1486 1021 1089 1704 1786 1379 1954 1205 1727 1387 1360 1966 1569 1837 1696 1048 1997 1577 1647 1356 1283 1848 1481 1506 1601 1968 1882 1346 1475 1274 1969 1352 1393 1050 1210 1472 1140 1731 1372 1829 1129 1935 1731 1462 1462 1376 1059 1395 1658 1492 1852 1361 1282 1614 1329 1629 1238 1470 1844 1174 1669 1737 1278 1180 1577 1804 1635 1421 BCNSPRNW ULIB Ver.6.0+V

เปลี่ยนเป็นภาษาไทย

Change to English
 แสดงรายละเอียดบรรณานุกรม
  กลับหน้าหลัก

Brief Record : Get Marc (ISO 2709) : E-mail record : QR code < ปิดหน้าต่าง
LEADER : 00000nam 2200000uu 4500
001    13399128910
003     ULIB
008    241028s2022||||th 000 0 tha d
020    ^a9780702083204
060 04 ^aWQ165^bM631M
100 1  ^aMichelle Anderson
245 00 ^aMidwifery essentials Perinatal Mental Health./^cMichelle Anderson
260    ^aAustralia :^bElsevier,^c2022
300    ^a205 p. : ^bill. ;^c19 cm.
650  2 ^aMidwifery
945    ^p612^l0^i011157
999    ^aประนอม เกษจรัล
รายการนี้ยังไม่มีแท็ก
คุณยังไม่ได้ล็อกอิน คุณสามารถมีกิจกรรมร่วมกับเว็บไซต์ได้ แต่ต้องล็อกอินก่อน ::
  ล็อกอิน

รายการสื่อสารสนเทศ

ลำดับที่ ประเภท เลขเรียก/บาร์โค้ด สถานที่ สถานะ
1. วิทยาศาสตร์การแพทย์ และสุขภาพ
หนังสือสำรอง
สถานะ=หนังสือสำรอง
WQ165 M631M ฉ.1 
  Barcode: 011157
ห้องสมุดวิทยาเขตสวรรค์ประชารักษ์
►หนังสือทั่วไป
บนชั้น

รายการใกล้เคียง
    หัวเรื่อง [Midwifery]

BibComment


ยังไม่เคยถูกคอมเมนท์

คอมเมนท์ทรัพยากรรายการนี้
  คอมเมนท์: Midwifery essent..


 Copyright 2026. Bcnsprnw @Library